<?xml version="1.0" encoding="UTF-8"?>
<collection xmlns="http://www.loc.gov/MARC21/slim">
 <record>
  <leader>02558nam a2200229Ia 4500</leader>
  <controlfield tag="001">CTU_238507</controlfield>
  <controlfield tag="008">210402s9999    xx            000 0 und d</controlfield>
  <datafield tag="082" ind1=" " ind2=" ">
   <subfield code="a">572.3</subfield>
  </datafield>
  <datafield tag="082" ind1=" " ind2=" ">
   <subfield code="b">S464</subfield>
  </datafield>
  <datafield tag="088" ind1=" " ind2=" ">
   <subfield code="a">8440119</subfield>
  </datafield>
  <datafield tag="100" ind1=" " ind2=" ">
   <subfield code="a">Huỳnh, Long Sơn</subfield>
  </datafield>
  <datafield tag="245" ind1=" " ind2="0">
   <subfield code="a">Bước đầu xây dựng cơ sở dữ liệu hóa thực vật cho loài địa y Usnea undulata Stirton (Usneaaceae) :</subfield>
  </datafield>
  <datafield tag="245" ind1=" " ind2="0">
   <subfield code="b">Luận văn tốt nghiệp Cao học. Chuyên ngành Hóa lý thuyết và Hóa lý</subfield>
  </datafield>
  <datafield tag="245" ind1=" " ind2="0">
   <subfield code="c">Huỳnh Long Sơn ; Nguyễn Thi Thu Trâm (Cán bộ hướng dẫn)</subfield>
  </datafield>
  <datafield tag="260" ind1=" " ind2=" ">
   <subfield code="a">Cần Thơ</subfield>
  </datafield>
  <datafield tag="260" ind1=" " ind2=" ">
   <subfield code="b">Trường Đại học Cần Thơ</subfield>
  </datafield>
  <datafield tag="260" ind1=" " ind2=" ">
   <subfield code="c">2020</subfield>
  </datafield>
  <datafield tag="520" ind1=" " ind2=" ">
   <subfield code="a">Một hệ cơ sở dữ liêu trực tuyến về sinh - hóa thực vật của loài địa y U. undulata Stirton bao gồm những thông tin như định danh, phân loại, thành phần các chất hóa học các chất chuyển hóa thứ cấp và hoạt tính sinh học của loài địa y U. undulata Stirton. Khảo sát bằng tính toán lượng tử khả năng kháng oxi hóa của các hợp chất (+) usnic acid, galbinic acid và salazinic acid được cô lập từ địa y này bằng lý thuyết phiếm hàm mật độ (DFT). Phiếm hàm B3LYP kết hợp với bộ cơ sở 6-311++G(d,p) được sử dụng để tối ưu hóa hình học cũng như tính toán các giá trị năng lượng liên quan. Những tính toán được thực hiện trong pha khí và trong một số dung môi có tính phân cực khác nhau như: ethanol, DMSO và nước. Hoạt tính kháng oxi hóa của các polyphenol này được khảo sát theo ba cơ chế: (i) HAT với đại lượng đặc trưng là năng lượng phân ly liên kết O−H (BDE); (ii) SET-PT với đại lượng đặc trưng là tổng năng lượng ion hóa (IE) với năng lượng phân ly proton (PDE); (iii) SPL-ET với đại lượng đặc trưng là ái lực proton (PA) cùng với đó là các chỉ số hóa học và tính chất các loại quang phổ: IR, UV-Vis trong pha khí và trong dung môi khác nhau.</subfield>
  </datafield>
  <datafield tag="650" ind1=" " ind2=" ">
   <subfield code="a">Hóa sinh,Biochemistry</subfield>
  </datafield>
  <datafield tag="904" ind1=" " ind2=" ">
   <subfield code="i">Hải</subfield>
  </datafield>
  <datafield tag="910" ind1=" " ind2=" ">
   <subfield code="c">tvtrong</subfield>
  </datafield>
  <datafield tag="980" ind1=" " ind2=" ">
   <subfield code="a">Trung tâm Học liệu Trường Đại học Cần Thơ</subfield>
  </datafield>
 </record>
</collection>
